000
00382nam a22001217a 4500
003
SGT
082
_a
891.4309
_b
I90H
100
_a
हामिद, सैयदा सैयदैन
245
_a
इमाम उल हिन्द न
260
_b
भारतीय संस्कृतिक सम्बन्ध प्रकाश
_c
1990
300
_a
332
942
_2
ddc
_c
BK
999
_c
31291
_d
31291